Teachings of Jesus in Matthew 5-7. (Record no. 5047)

000 -LEADER
fixed length control field 00551nam a2200181 a 4500
001 - CONTROL NUMBER
control field :::00002788$&:&@@
003 - CONTROL NUMBER IDENTIFIER
control field OkBaRHE
005 - DATE AND TIME OF LATEST TRANSACTION
control field 20000607103257.0
008 - FIXED-LENGTH DATA ELEMENTS--GENERAL INFORMATION
fixed length control field s1955 j 000 0 eng u
040 ## - CATALOGING SOURCE
Transcribing agency
100 1# - MAIN ENTRY--PERSONAL NAME
Personal name Eddleman, H. Leo.
245 10 - TITLE STATEMENT
Title Teachings of Jesus in Matthew 5-7.
260 ## - PUBLICATION, DISTRIBUTION, ETC. (IMPRINT)
Place of publication, distribution, etc Nashville, TN., :
Name of publisher, distributor, etc Convention Press
Date of publication, distribution, etc c1955
300 ## - PHYSICAL DESCRIPTION
Extent 146 p. ;
Dimensions 19 cm.
650 ## - SUBJECT ADDED ENTRY--TOPICAL TERM
Topical term or geographic name as entry element Jesus Christ
General subdivision Teachings
942 ## - ADDED ENTRY ELEMENTS (KOHA)
Source of classification or shelving scheme
Koha item type Books
Copies
Lost status Withdrawn status Koha item type Source of classification or shelving scheme Damaged status Date acquired Shelving location Price effective from Copy number Full call number Not for loan Permanent Location Barcode Date last seen
  Books  2010-04-14General Stacks2010-04-141BS 2417 .E32T4 RHEMA Bible Training College27882018-03-16